Vista normal Vista MARC

Entrada Personal Name

Número de registros utilizados en: 2

001 - CONTROL NUMBER

  • control field: 40797

003 - CONTROL NUMBER IDENTIFIER

  • control field: OSt

005 - DATE AND TIME OF LATEST TRANSACTION

  • control field: 20210924105903.0

008 - FIXED-LENGTH DATA ELEMENTS

  • fixed length control field: 210924|| aca||aabn | a|a d

040 ## - CATALOGING SOURCE

  • Original cataloging agency: OSt
  • Transcribing agency: OSt

100 ## - HEADING--PERSONAL NAME

  • Personal name: Jaramillo, Carlos Felipe

670 ## - SOURCE DATA FOUND

  • Source citation: Work cat.: (OSt)12576: Jaramillo, Carlos Felipe, autor, Apertura, crisis y recuperación la agricultura Colombiana entre 1990 y 1994 / , 1994.